000 01062nam0a22002531 4500
001 rc\729368
005 20040301141637.8
035 _a(NLR Aleph) 006260136
090 _a6839856
_c6839856
100 _a20040301d1985 u |0rusy50 ca
101 0 _arus
102 _aRU
105 _aa |||||||||
200 1 _aОсновы рентгенологии органов пищеварения в норме и при некоторых заболеваниях
_eМетод. разраб. для студентов всех фак.
_fМ-во здравоохранения УзССР, Ташк. гос. мед. ин-т
_g[Сост. к. м. н. Т.Н. Ильясов]
210 _aТашкент
_cТашГосМИ
_d1985
215 _a71 с.
_cил.
_d20
320 _aБиблиогр.: с. 68-69
702 1 _aИльясов
_bТ. Н.
_gТуйчи Низамович
_4220
712 0 2 _aТашкентский мед. ин-т
_3RU\NLR\AUTH\889927685
801 0 _aRU
_bNLR
_gpsbo
801 1 _aRU
_bELAR
_2rusmarc
852 _aNLR
_j87-4/15664
942 _cBOOK
980 _aNB